000 nam a22 a 4500
999 _c1968
_d1968
003 AKMAL
005 20170512155327.0
008 170512s2008 my | e l 000 0 eng d
020 _a9677011189 (pbk.) :
_cRM80.00
040 _aAKMAL
082 0 4 _a343.595056 COR
_222
090 0 0 _a343.595056
_bCOR
110 1 _aMalaysia
_9400
245 0 0 _aCorrelation table code book :
_bthe harmonized system nomenclature
260 _aKuala Lumpur :
_bMDC Publishers,
_c2008
300 _a448p. ;
_c30cm.
650 1 0 _aTariff
_xTerminology and classification
_94075
650 2 0 _aCommercial products
_xClassification
_94076
942 _2ddc
_cBOOK
950 _lAKMAL